The cartoons guide to the environment (Registro nro. 7704)

Detalles MARC
000 -CABECERA
Campo de control 00696nam a22002177a 4500
005 - FECHA Y HORA DE LA ULTIMA TRANSACCION
Campo de control 20131031020002.0
008 - ELEMENTOS DE LONGITUD FIJA—INFORMACION GENERAL
Campo de control 131030b1996 xxuil | |||| 00| 0 eng d
020 ## - ISBN
ISBN 0062732749
041 ## - IDIOMA
Código de idioma para texto/pista de sonido o título separado Inglés
044 ## - PAÍS DE PUBLICACIÓN
País de publicación Estados Unidos
082 ## - NUMERO DE CLASIFICACION DECIMAL DEWEY
Número de clasificación 363.7
Número del ítem G63e
100 10 - ASIENTO PRINCIPAL--NOMBRE PERSONAL
Nombre personal Gonic,Larry
245 10 - MENCION DE TITULO
Título The cartoons guide to the environment
Mención de responsabilidad Larry Gonic and Alice Outwater
260 ## - PUBLICACION, DISTRIBUCION, ETC. (PIE DE IMPRENTA)
Lugar de publicación, distribución, etc. New York
Nombre del editor, distribuidor, etc. HarperCollins Publishers
Fecha de publicación, distribución, etc. 1996
300 ## - DESCRIPCION FISICA
Extensión 229 p.
Otros detalles físicos il.
Dimensiones 24 cm
504 ## - NOTA DE BIBLIOGRAFIA, ETC.
Nota de bibliografía Incluye bibliografía (p. 218 - 219) e índice (p. 221 - 229)
546 ## - NOTA DE IDIOMA
Nota de idioma Texto en inglés
650 ## - ASIENTO SECUNDARIO DE MATERIA - TERMINO TEMATICO
Término temático o nombre geográfico como elemento de entrada Medio ambiente
Subdivisión general Tiras cómicas, historietas, etc.
700 1# - ASIENTO SECUNDARIO - NOMBRE PERSONAL
Nombre personal Outwater, Alice
942 ## - ELEMENTOS ADICIONALES (KOHA)
Sistema de clasificación Dewey Decimal Classification
Tipo de ítem Impreso
Koha issues (borrowed), all copies 1
Existencias
Withdrawn status Lost status Sistema de Clasificación Damaged status No para préstamo Colección Inventariado Ubicación Permanente Ubicación actual Fecha de adquisición Fuente de Valor Valor Total Checkouts Total Renewals Número topográfico Inventario / Código de Barras Date last seen Date checked out Ejemplar Price effective from Forma de adquisición Tipo de material
    Dewey Decimal Classification     General Inventariado 2017 Bogotá Bogotá 30/10/2013 Instituto 39000.00 1 1 LB-363.7 G63e 028722 16/05/2014 30/10/2013 Ej. 1 30/10/2013   Libro